From unequal freedom: how race and gender shaped american citizanship and labor /
Guardado en:
| Hovedforfatter: | |
|---|---|
| Format: | Texto |
| Tags: |
Tilføj Tag
Ingen Tags, Vær først til at tagge denne postø!
|
MARC
| LEADER | 00000 a a2200000 04500 | ||
|---|---|---|---|
| 001 | 43925 | ||
| 003 | |||
| 040 | |||
| 100 | |a Nakano Glenn, Evelyn | ||
| 245 | |a From unequal freedom: |b how race and gender shaped american citizanship and labor / |c Evelyn Nakano Glenn | ||
| 773 | |g páginas 123-127 | ||
| 999 | |c 23510 |d 23510 | ||
